000 00617nam a2200229Ia 4500
003 OSt
005 20221006164433.0
006 a|||||r|||| 00| 0
007 ta
008 221006b |||||||| |||| 00| 0 hin d
024 _a3,828
037 _cTextual
040 _aFML
_cFML
_bhin
041 _2hin
_ahin
082 _aNR44,25, L8 -;1
100 _aKashinath Appa Tulsi Au.
_9677488
245 0 _aAbhinav Taal Manjari
260 _aHathras
_bSangeet Karyalaya
_c1978
300 _a42
_ccm.
942 _hNR44,25, L8 -;1
_cTEXL
_2CC
999 _c1117265
_d1117265